| 000 | 00883nam a22002657a 4500 | ||
|---|---|---|---|
| 999 |
_c7063 _d7063 |
||
| 001 | 7063 | ||
| 003 | BD-JhCC | ||
| 005 | 20180419190526.0 | ||
| 008 | 711021s1948 ilu b 000 0 eng | ||
| 035 | _a(BD-JhCC)7063 | ||
| 035 | _a(OCoLC)166023 | ||
| 040 |
_aDLC _cODaWU _dOCoLC _dDLC _dBD-JhCC |
||
| 041 | _aeng | ||
| 050 | 0 | 0 |
_aH62 _b.Q54 |
| 082 |
_a307.12 _bQUI 1948 |
||
| 100 | 1 |
_aQuillen, Isaac James, _d1909- |
|
| 245 | 1 | 0 |
_aEducation for social competence : _bcurriculum and instruction in secondary-school studies / _c I. James Quillen and Lavone A. Hanna. |
| 260 |
_aChicago : _bScott, Foresman, _c1948. |
||
| 300 |
_aviii, 572 p. _c24 cm. |
||
| 490 | 1 | _aA Report of the Stanford Social Education Investigation | |
| 504 | _aBibliography: p. 480-508. | ||
| 650 | 0 |
_aSocial sciences _xStudy and teaching. |
|
| 700 | 1 | _aHanna, Lavone Agnes, | |
| 942 |
_2ddc _cBK |
||